[Event "BEL-ch op"]
[Site "Niel"]
[Date "2017.07.06"]
[Round "6"]
[White "Hajenius, Willem"]
[Black "Vanhauwere, Anton"]
[Result "1-0"]
[WhiteElo "1934"]
[BlackElo "1550"]
[PlyCount "37"]
[EventDate "2017.07.01"]
[EventType "swiss"]
[EventRounds "9"]
[EventCountry "BEL"]
[SourceTitle "EXT 2018"]
[Source "ChessBase"]
[SourceDate "2017.10.13"]
[SourceVersion "1"]
[SourceVersionDate "2017.10.13"]
[SourceQuality "1"]

1. d4 Nf6 2. c4 g6 3. Nc3 Bg7 4. e4 d6 5. f4 0-0 6. Nf3 Na6 7. Be2 c5 8. d5 Bg4 9. 0-0 Nc7 10. Qe1 Bxf3 11. Bxf3 e6 12. e5 dxe5 13. fxe5 Nd7 14. d6 Ne8 15. Bf4 Rb8 16. Qe3 Qh4 17. Rad1 h6 18. b3 g5 19. Bg3 1-0

[Event "BEL-ch U16"]
[Site "Blankenberge"]
[Date "2015.04.17"]
[Round "8"]
[White "Verbanck, Bram"]
[Black "Vanhauwere, Anton"]
[Result "1-0"]
[WhiteElo "1453"]
[BlackElo "1205"]
[PlyCount "99"]
[EventDate "2015.04.12"]
[EventType "swiss"]
[EventRounds "9"]
[EventCountry "BEL"]
[SourceTitle "CBM 166 Extra"]
[Source "ChessBase"]
[SourceDate "2015.06.18"]
[SourceVersion "1"]
[SourceVersionDate "2015.06.18"]
[SourceQuality "1"]

1. d4 Nf6 2. e3 d6 3. Nf3 g6 4. b3 Bg7 5. Bb2 0-0 6. Be2 Nc6 7. 0-0 Nd7 8. c4 e5 9. Qc2 f5 10. d5 Ncb8 11. Qc3 Qe7 12. Qc2 Nf6 13. Nc3 Nbd7 14. e4 fxe4 15. Nxe4 Nxe4 16. Qxe4 Nf6 17. Qh4 Qe8 18. Bc1 Nh5 19. Ng5 Bf6 20. Bxh5 gxh5 21. Qg3 Qg6 22. Ne4 Qxg3 23. Nxg3 h4 24. Ne4 Bg7 25. h3 Bf5 26. Re1 h6 27. Bd2 Rf7 28. Nc3 Raf8 29. Be3 e4 30. Rac1 a6 31. Re2 Rf6 32. Bd4 Rg6 33. Bxg7 Rxg7 34. Kf1 Re8 35. Rce1 Rge7 36. f3 e3 37. Kg1 Bd3 38. Rb2 Kg7 39. Rd1 Bf5 40. Re1 Kf6 41. Nd1 Bd3 42. Kh2 Kg5 43. g3 h5 44. Kg2 hxg3 45. Kxg3 h4+ 46. Kg2 Kf4 47. Nc3 Rg8+ 48. Kh2 Kxf3 49. Rd1 Bf5 50. Rf1# 1-0

[Event "BEL-ch U16"]
[Site "Blankenberge"]
[Date "2015.04.15"]
[Round "5"]
[White "Vanhauwere, Anton"]
[Black "Lauwereys, Lee"]
[Result "0-1"]
[WhiteElo "1205"]
[BlackElo "1272"]
[PlyCount "164"]
[EventDate "2015.04.12"]
[EventType "swiss"]
[EventRounds "9"]
[EventCountry "BEL"]
[SourceTitle "CBM 166 Extra"]
[Source "ChessBase"]
[SourceDate "2015.06.18"]
[SourceVersion "1"]
[SourceVersionDate "2015.06.18"]
[SourceQuality "1"]

1. e4 c5 2. Nf3 Nc6 3. d4 cxd4 4. Nxd4 e6 5. Nc3 Nf6 6. a3 Be7 7. Be2 0-0 8. f4 d6 9. 0-0 a6 10. Be3 Qd7 11. Qe1 b5 12. Qg3 Bb7 13. Rad1 Bd8 14. f5 Kh8 15. Nb3 Bc7 16. Bf4 e5 17. Bg5 Bb6+ 18. Kh1 Nd4 19. Bxf6 gxf6 20. Nxd4 Bxd4 21. Nd5 Bxd5 22. exd5 Bxb2 23. Qh4 Qe7 24. Rd3 Rg8 25. Rh3 Rg7 26. Rff3 Bc1 27. Rfg3 Rag8 28. Bd3 h6 29. Rxg7 Rxg7 30. c4 Bg5 31. Qe4 Qc7 32. Kg1 Qc5+ 33. Kf1 Qxa3 34. cxb5 Qa1+ 35. Ke2 Qb2+ 36. Kf1 axb5 37. Qe1 Qd4 38. Bxb5 Qxd5 39. Qa5 Rg8 40. Rd3 Qc5 41. Qa6 d5 42. Qb7 Qc1+ 43. Ke2 Qc2+ 44. Kf1 Qc8 45. Qxc8 Rxc8 46. Rxd5 Kg7 47. Ke2 Rc2+ 48. Kf3 Bf4 49. h3 Rc3+ 50. Ke2 Rc7 51. Rd1 Re7 52. Rg1 h5 53. g3 Bg5 54. h4 Bh6 55. g4 hxg4 56. Rxg4+ Kf8 57. Rc4 e4 58. Rc6 Kg7 59. Rc2 Re5 60. Ba4 Rxf5 61. Bb3 e3 62. Kd3 Rf2 63. Rxf2 exf2 64. Ke2 Be3 65. Bc4 Bc5 66. Kf3 Kg6 67. Kf4 f5 68. Bd3 Kh5 69. Kxf5 Bd4 70. Kf4 Kxh4 71. Kf3 Kh3 72. Bf1+ Kh2 73. Ke4 Bb6 74. Ke5 Bd8 75. Kf5 Kg1 76. Bd3 f1Q+ 77. Bxf1 Kxf1 78. Ke5 Kf2 79. Kf4 f6 80. Ke4 Kg3 81. Kf5 Kf3 82. Ke6 Ke4 0-1

[Event "BEL-ch U16"]
[Site "Blankenberge"]
[Date "2014.04.17"]
[Round "7"]
[White "Langie, Jeroen"]
[Black "Vanhauwere, Anton"]
[Result "0-1"]
[WhiteElo "1191"]
[BlackElo "1150"]
[PlyCount "110"]
[EventDate "2014.04.??"]
[EventType "swiss"]
[EventRounds "9"]
[EventCountry "BEL"]
[SourceTitle "EXT 2015"]
[Source "ChessBase"]
[SourceDate "2014.11.20"]
[SourceVersion "1"]
[SourceVersionDate "2014.11.20"]
[SourceQuality "1"]

1. c4 e5 2. b3 Nc6 3. Bb2 Nf6 4. g3 Be7 5. Bg2 0-0 6. e3 d6 7. Ne2 Bg4 8. 0-0 Qd7 9. d4 Rad8 10. d5 Nb4 11. a3 Na6 12. Nbc3 c6 13. dxc6 bxc6 14. Qc2 Rb8 15. Rad1 Nc5 16. b4 Ne6 17. Ne4 Nxe4 18. Qxe4 Bxe2 19. Bxe5 Bxd1 20. Rxd1 Qc7 21. Bc3 Rbd8 22. Qg4 c5 23. Bd5 g6 24. Bxe6 fxe6 25. Qxe6+ Rf7 26. bxc5 dxc5 27. Rxd8+ Qxd8 28. Kg2 Bf6 29. Be1 Bb2 30. Qc6 Bxa3 31. Bc3 Bb4 32. Be5 Qd7 33. Qa8+ Rf8 34. Qe4 a5 35. Ba1 Qf5 36. Qxf5 Rxf5 37. f4 Rf8 38. Kf3 Rd8 39. g4 Rd1 40. Ke4 Rxa1 41. Ke5 Kf7 42. f5 gxf5 43. gxf5 Re1 44. e4 a4 45. Kd5 a3 46. e5 a2 47. e6+ Kf6 48. Kd6 a1Q 49. e7 Qd1+ 50. Kc6 Qa4+ 51. Kd6 Rd1+ 52. Kc7 Ba5+ 53. Kb7 Qd7+ 54. Ka8 Qc6+ 55. Ka7 Rd7+ 0-1